El Discurso del futbol (en TV)

Este artículo es el análisis de las imágenes a partir de las que la televisión "narra" el fútbol. Se arguye que estas imágenes se asemejan a una narración o a la lectura de cuentos. Es decir, esta narración no es el espectáculo del juego en sí, sino, una narración de ese espectáculo, la cu...

Fuld beskrivelse

Guardado en:
Bibliografiske detaljer
Hovedforfatter: Finnegans Wake, James Joyce
Format: Texto
Udgivet: s.l: s.e
Fag:
Tags: Tilføj Tag
Ingen Tags, Vær først til at tagge denne postø!

MARC

LEADER 00000 a a2200000 04500
001 32875
003
040
090 |a 205200  
100 |a Finnegans Wake, James Joyce  
245 |a El Discurso del futbol (en TV)  
260 |a s.l:   |b s.e  
300 |a 16 p.  
520 |a Este artículo es el análisis de las imágenes a partir de las que la televisión "narra" el fútbol. Se arguye que estas imágenes se asemejan a una narración o a la lectura de cuentos. Es decir, esta narración no es el espectáculo del juego en sí, sino, una narración de ese espectáculo, la cual a su vez, constituye un nuevo espectáculo en sí mismo, en tanto integra nuevos elementos, y en cuanto resulta de una construcción de los emisores en la televisión. Ello toma una forma específica, pues se trata de un texto tanto visual, como oral, lo cual introduce particularidades para ambos discursos  
650 |a DEPORTES  
650 |a MEDIOS DE COMUNICACION  
650 |a TELEVISION  
650 |a DISCURSOS  
999 |c 1754  |d 1754